Home Print Resources E-Books E-Journals IIMT Lecture Series Library Membership Form Book Recommendation Form Campus Tour Take AdmissionAbout Us Contact Us

HUMAN ANATOMY (VOLUME 01) (Record no. 49561)

000 -LEADER
fixed length control field nam a22 7a 4500
003 - CONTROL NUMBER IDENTIFIER
control field OSt
005 - DATE AND TIME OF LATEST TRANSACTION
control field 20200123095300.0
008 - FIXED-LENGTH DATA ELEMENTS--GENERAL INFORMATION
fixed length control field 200123b xxu||||| |||| 00| 0 eng d
040 ## - CATALOGING SOURCE
Transcribing agency IIMT UNIVERISTY MEERUT
Modifying agency SEROSOFT
082 ## - DEWEY DECIMAL CLASSIFICATION NUMBER
Classification number 612THO
100 ## - MAIN ENTRY--PERSONAL NAME
Personal name CHAURASIA'S BD
245 ## - TITLE STATEMENT
Title HUMAN ANATOMY (VOLUME 01)
Statement of responsibility, etc. AUTHOR
Medium ENGLISH
260 ## - PUBLICATION, DISTRIBUTION, ETC.
Place of publication, distribution, etc. CBS PUB AND DIS PVT.LTD
Name of publisher, distributor, etc. 2019
300 ## - PHYSICAL DESCRIPTION
Extent PAPER BACK
Other physical details 354PP
700 ## - ADDED ENTRY--PERSONAL NAME
Personal name BD CHAURASIA'S
760 ## - MAIN SERIES ENTRY
Edition 2019
856 ## - ELECTRONIC LOCATION AND ACCESS
Materials specified PAPERBACK
887 ## - NON-MARC INFORMATION FIELD
Source of data TITLE
942 ## - ADDED ENTRY ELEMENTS (KOHA)
Source of classification or shelving scheme
Koha item type Text-Book- for 7 days
Edition 2019
Holdings
Withdrawn status Lost status Source of classification or shelving scheme Damaged status Not for loan Home library Current library Date acquired Cost, normal purchase price Full call number Barcode Date last seen Copy number Price effective from Koha item type
          IIMT University College of Medical Sciences IIMT University College of Medical Sciences 01/23/2020 2085.00 612THO 02-B-12128 01/23/2020 R 01/23/2020 Reference Book
          IIMT University College of Medical Sciences IIMT University College of Medical Sciences 01/23/2020 2085.00 612THO 02-B-12129 01/23/2020 R 01/23/2020 Reference Book
          IIMT University College of Medical Sciences IIMT University College of Medical Sciences 01/23/2020 2085.00 612THO 02-B-12130 01/23/2020 R 01/23/2020 Reference Book
          IIMT University College of Medical Sciences IIMT University College of Medical Sciences 01/23/2020 2085.00 612THO 02-B-12131 01/23/2020 R 01/23/2020 Reference Book
IIMT, Central Library. All Rights Reserved IIMT,UNIVERSITY © 2023
Implemented and Customised by I CLOUDE EMS
You Are OPAC Visitor No
free web counter

Powered by Koha